Quick Pick: 'C' Food Quiz Stats

 Plays Quiz Updated Dec 8, 2017

Score 0/15 Timer 01:00
6 Plays Today
% Correct
cashew
97.1%
calzone
94.7%
couscous
88.4%
cumin
88.2%
compôte
84.8%
cardamom
82.8%
crostini
82.6%
ceviche
78.2%
% Correct
crudité
70.1%
cassoulet
69.3%
capsicum
64.6%
celeriac
60.1%
chapati
56.6%
cornichon
53.1%
clafoutis
39.2%

Today's Daily Dose

Missing Word
Arizona A-Z

Word Ladder
Greek Letters II

Get the Picture
US National Parks

You're not logged in!

Compare scores with friends on all Sporcle quizzes.
OR
Log In

You Might Also Like...

Show Comments

Extras

Top Quizzes Today


Score Distribution

Your Account Isn't Verified!

In order to create a playlist on Sporcle, you need to verify the email address you used during registration. Go to your Sporcle Settings to finish the process.

Report this User

Report this user for behavior that violates our Community Guidelines.

Details: